LEADER 01161nam0-22003131i-450- 001 990001687140403321 005 20080228105039.0 035 $a000168714 035 $aFED01000168714 035 $a(Aleph)000168714FED01 035 $a000168714 100 $a20030910f1902----km-y0itay50------ba 101 0 $afre 102 $aFR 105 $ay-------001yy 200 1 $a<>avoine$edescription, classification, étude du grain des variétés francaises et étrangères, culture, production, constitution, composition, usages, insectes, maladies, plantes nuisibles, prix de revient, prix de vente, transports, douanes, octrois, emmagasinage agricole et commercial, trafic national et international$fpar Denaiffe ... Sirodot ... préface par E. Fagot 210 $aParis$cJ.B. Baillière et fils$d[1902] 215 $a848 p.$d25 cm 610 0 $aAvena 676 $a633.13 700 1$aDenaiffe,$bClément$0429387 701 1$aSirodot,$bGeorge Émile$0429388 801 0$aIT$bUNINA$gRICA$2UNIMARC 901 $aBK 912 $a990001687140403321 952 $a60 633.13 B 1$b4060$fFAGBC 959 $aFAGBC 996 $aAvoine$9361262 997 $aUNINA LEADER 02271nam 2200505z- 450 001 9910557485903321 005 20211118 035 $a(CKB)5400000000042973 035 $a(oapen)https://directory.doabooks.org/handle/20.500.12854/74250 035 $a(oapen)doab74250 035 $a(EXLCZ)995400000000042973 100 $a20202111d2020 |y 0 101 0 $aeng 135 $aurmn|---annan 181 $ctxt$2rdacontent 182 $cc$2rdamedia 183 $acr$2rdacarrier 200 00$aThe Green Side of the Water Cycle: New Advances in the Study of Plant Water Dynamics 210 $cFrontiers Media SA$d2020 215 $a1 online resource (105 p.) 311 08$a2-88966-114-8 330 $aThis eBook is a collection of articles from a Frontiers Research Topic. Frontiers Research Topics are very popular trademarks of the Frontiers Journals Series: they are collections of at least ten articles, all centered on a particular subject. With their unique mix of varied contributions from Original Research to Review Articles, Frontiers Research Topics unify the most influential researchers, the latest key findings and historical advances in a hot research area! Find out more on how to host your own Frontiers Research Topic or contribute to one as an author by contacting the Frontiers Editorial Office: frontiersin.org/about/contact 517 $aGreen Side of the Water Cycle 606 $aBotany & plant sciences$2bicssc 606 $aScience: general issues$2bicssc 610 $ahydrological tracers 610 $anoninvasive techniques 610 $aplant-fungi interactions 610 $astable isotopes 610 $awater footprint 610 $awater status 610 $awater transport 610 $awater uptake 615 7$aBotany & plant sciences 615 7$aScience: general issues 700 $aPedro Ferrio$b Juan$4edt$01322351 702 $aDubbert$b Maren$4edt 702 $aMaria Máguas$b Cristina$4edt 702 $aPedro Ferrio$b Juan$4oth 702 $aDubbert$b Maren$4oth 702 $aMaria Máguas$b Cristina$4oth 906 $aBOOK 912 $a9910557485903321 996 $aThe Green Side of the Water Cycle: New Advances in the Study of Plant Water Dynamics$93034898 997 $aUNINA